History of Christianity in india: (Record no. 8740)
[ view plain ]
| 000 -LEADER | |
|---|---|
| fixed length control field | 00614nam a22002057a 4500 |
| 003 - CONTROL NUMBER IDENTIFIER | |
| control field | GBCCL |
| 005 - DATE AND TIME OF LATEST TRANSACTION | |
| control field | 20241126110657.0 |
| 008 - FIXED-LENGTH DATA ELEMENTS--GENERAL INFORMATION | |
| fixed length control field | 210922b ||||| |||| 00| 0 eng d |
| 020 ## - INTERNATIONAL STANDARD BOOK NUMBER | |
| International Standard Book Number | 9788193259740 |
| 040 ## - CATALOGING SOURCE | |
| Transcribing agency | GBC |
| 082 ## - DEWEY DECIMAL CLASSIFICATION NUMBER | |
| Classification number | 275.4 |
| Item number | HRA |
| 100 ## - MAIN ENTRY--PERSONAL NAME | |
| Personal name | Hrangkhuma, F |
| 9 (RLIN) | 1641 |
| 245 ## - TITLE STATEMENT | |
| Title | History of Christianity in india: |
| Remainder of title | an introduction |
| 260 ## - PUBLICATION, DISTRIBUTION, ETC. | |
| Place of publication, distribution, etc. | Bangalore: |
| Name of publisher, distributor, etc. | Theological book trust, |
| Date of publication, distribution, etc. | 2018. |
| 300 ## - PHYSICAL DESCRIPTION | |
| Extent | 309p.; |
| 650 ## - SUBJECT ADDED ENTRY--TOPICAL TERM | |
| Topical term or geographic name entry element | Church history |
| Form subdivision | Historiography |
| 9 (RLIN) | 15415 |
| 650 ## - SUBJECT ADDED ENTRY--TOPICAL TERM | |
| Topical term or geographic name entry element | Missions |
| Geographic subdivision | India |
| Chronological subdivision | 21st century |
| 9 (RLIN) | 15413 |
| 650 ## - SUBJECT ADDED ENTRY--TOPICAL TERM | |
| Topical term or geographic name entry element | India |
| Form subdivision | Church history |
| Chronological subdivision | 21st century |
| 9 (RLIN) | 15416 |
| 942 ## - ADDED ENTRY ELEMENTS (KOHA) | |
| Source of classification or shelving scheme | Dewey Decimal Classification |
| Koha item type | Books |
| Koha issues (borrowed), all copies | 14 |
| Withdrawn status | Lost status | Source of classification or shelving scheme | Damaged status | Not for loan | Home library | Current Library | Shelving location | Date acquired | Total checkouts | Total renewals | Full call number | Barcode | Date last seen | Date last checked out | Copy number | Price effective from | Koha item type |
|---|---|---|---|---|---|---|---|---|---|---|---|---|---|---|---|---|---|
| Dewey Decimal Classification | GRACE BIBLE COLLEGE | GRACE BIBLE COLLEGE | Church History | 2021-09-22 | 5 | 1 | 275.4 HRA | 015213 | 2025-05-01 | 2025-01-16 | c.1 | 2021-09-22 | Books | ||||
| Dewey Decimal Classification | GRACE BIBLE COLLEGE | GRACE BIBLE COLLEGE | Church History | 2021-09-22 | 2 | 275.4 HRA | 015214 | 2025-05-01 | 2023-12-04 | c.2 | 2021-09-22 | Books | |||||
| Dewey Decimal Classification | GRACE BIBLE COLLEGE | GRACE BIBLE COLLEGE | Church History | 2021-09-22 | 1 | 1 | 275.4 HRA | 015215 | 2025-05-01 | 2023-12-07 | c.3 | 2021-09-22 | Books | ||||
| Dewey Decimal Classification | GRACE BIBLE COLLEGE | GRACE BIBLE COLLEGE | Church History | 2021-09-22 | 1 | 275.4 HRA | 015216 | 2025-05-01 | 2023-12-07 | c.4 | 2021-09-22 | Books | |||||
| Dewey Decimal Classification | GRACE BIBLE COLLEGE | GRACE BIBLE COLLEGE | Church History | 2021-09-22 | 7 | 1 | 275.4 HRA | 015217 | 2026-01-19 | 2026-01-13 | c.5 | 2021-09-22 | Books |